000 00361nam a2200121Ia 4500
005 20260326235452.0
008 260326s9999||||xx |||||||||||||| ||und||
100 _aCentro Interamericano de Vivienda
245 0 _aCartilla de la Vivienda /
_cCentro Interamericano de Vivienda
260 _bCentro Interamericano de Vivienda
650 _aCONSTRUCCIÓN
942 _cBK
999 _c7790
_d7790